त्रिपुरा की भाषाएँ (Record no. 210189)

MARC details
000 -LEADER
fixed length control field 01082nam a22001937a 4500
005 - DATE AND TIME OF LATEST TRANSACTION
control field 20250307170713.0
010 ## - LCCN (DPL NO)
LC control number HIN-129483
020 ## - INTERNATIONAL STANDARD BOOK NUMBER
Terms of availability 2850.00
International Standard Book Number 9789354425189
035 ## - SYSTEM CONTROL NUMBER
System control number HN-101829
037 ## - SOURCE OF ACQUISITION
Source of stock number/acquisition DBAD
082 ## - DEWEY DECIMAL CLASSIFICATION NUMBER
Classification number 400.95456
245 ## - TITLE STATEMENT
Title त्रिपुरा की भाषाएँ
Remainder of title भारतीय भाषा लोक सवेंक्षण PLSI
Statement of responsibility, etc गणेश देवी, सुखेन्दु देबबर्मा द्वारा संपादित ; मिलन रानी जमातिया द्वारा अनुवादित
260 ## - PUBLICATION, DISTRIBUTION, ETC. (IMPRINT)
Place of publication, distribution, etc हैदराबाद
Name of publisher, distributor, etc ओरियंट ब्लॉकस्वान प्रा .लि .
Date of publication, distribution, etc 2024
270 ## - ADDRESS
Address 3-6-752 हिमायत नगर
City हैदराबाद
Postal code 500029
300 ## - PHYSICAL DESCRIPTION
Extent 240पृ.
Dimensions 25सेमी (सजिल्द )
700 ## - ADDED ENTRY--PERSONAL NAME
Personal name देबबर्मा,सुखेन्दु
9 (RLIN) 79445
700 ## - ADDED ENTRY--PERSONAL NAME
Personal name मिलन रानी जमातिया
9 (RLIN) 79446
942 ## - ADDED ENTRY ELEMENTS (KOHA)
Source of classification or shelving scheme Dewey Decimal Classification
Item type Hindi Books
Classification part 400.95456
Call number suffix त्रिपुरा
Holdings
Withdrawn status Lost status Not for loan Collection code Home library Current library Date acquired Source of acquisition Cost, normal purchase price Full call number Barcode Copy number Cost, replacement price Koha item type
      Non-fiction Mobile Library Mobile Library 07/03/2025 DBAD 2850.00 400.95456 त्रिपुरा HN-101829 1 2850.00 Hindi Books

© Delhi Public Library
Hit Counter
free hit counter